| 000 | 00000cam 2200000zi 4500 |
| 001 | 9.867076 |
| 003 | CaOODSP |
| 005 | 20260218084748 |
| 006 | m o d f |
| 007 | cr cn||||||||| |
| 008 | 190114t20192019bcca ob f000 0 iku d |
| 020 | |a9780660292892 |
| 040 | |aCaOODSP|bfre|erda|cCaOODSP |
| 043 | |an-cn--- |
| 086 | 1 |aCP32-163/1-2017Iku2-PDF|zCP32-163/1-2017S-PDF |
| 110 | 2 |aEnquête nationale sur les femmes et les filles autochtones disparues et assassinées (Canada)|eauteur, |eorganisme de publication. |
| 245 | 10|a[Nos femmes et nos filles sont sacrées] : |b[rapport provisoire] / |c[l'Enquête nationale sur les femmes et les filles autochtones disparues et assassinées]. |
| 250 | |a[Édition inuktitut (nunavut)]. |
| 264 | 1|aVancouver, BC : |bEnquête nationale sur les femmes et les filles autochtones disparues et assassinées, |c[2019] |
| 264 | 4|c©2019 |
| 300 | |a1 ressource en ligne (106 pages) : |billustrations en couleur |
| 336 | |atexte|btxt|2rdacontent/fre |
| 337 | |ainformatique|bc|2rdamedia/fre |
| 338 | |aressource en ligne|bcr|2rdacarrier/fre |
| 500 | |aPublié aussi en français sous le titre : Nos femmes et nos filles sont sacrées : rapport provisoire. |
| 504 | |aComprend des références bibliographiques. |
| 546 | |aTexte en inuktitut (nunavut). |
| 650 | 6|aPersonnes disparues|xEnquêtes|zCanada. |
| 650 | 6|aFemmes autochtones|xCrimes contre|zCanada. |
| 650 | 6|aFemmes autochtones|xViolence envers|zCanada. |
| 775 | 08|tNos femmes et nos filles sont sacrées : |w(CaOODSP)9.843834 |
| 791 | |t[Our women and girls are sacred] : |eeng|w(CaOODSP)9.867075 |
| 856 | 40|qPDF|s12.44 Mo|uhttps://publications.gc.ca/collections/collection_2021/ffada-mmiwg/CP32-163-1-2017-iku.pdf |